A Few Long Movie Titles Quiz Stats

 Plays Quiz Updated May 22, 2015

Challenge
Share
Tweet
Embed
Score 0/40 Timer 02:00
0 Plays Today
% Correct
The
98.6%
The
98.6%
the
98.6%
(The
98.6%
the
98.6%
of
94.4%
of
94.4%
of
94.4%
of
94.4%
of
94.4%
I
90.2%
Barber
89.7%
How
86.4%
to
85.3%
Bomb
84.2%
Street
84%
Or:
83.8%
Or
83.8%
Love
82%
and
81.6%
% Correct
Learned
78.8%
Demon
77.4%
Fleet
75%
Stop
68.2%
Worrying
62.7%
World
61.4%
Kazakhstan
53.9%
Side
46.6%
Far
46.3%
Cultural
39.4%
for
39.1%
Glorious
38.5%
Nation
38.1%
Learnings
36.5%
Make
36.3%
America
35%
Benefit
25.3%
Ignorance)
23.4%
Virtue
22.6%
Unexpected
20.2%

You're not logged in!

Compare scores with friends on all Sporcle quizzes.
OR
Log In

You Might Also Like...

Show Comments

Extras

Top Quizzes Today


Score Distribution

Your Account Isn't Verified!

In order to create a playlist on Sporcle, you need to verify the email address you used during registration. Go to your Sporcle Settings to finish the process.

Report this User

Report this user for behavior that violates our Community Guidelines.

Details: